000 01208nam0a2200337 4500
001 RU\NLR\bibl\1750436
005 20250616120409.0
010 _a978-5-404-00212-6
_97000
021 _aRU
_b2011-16370
_91152
035 _a(nilc)LIBNET\0000163878
035 _a(NLR Aleph) 001741298
090 _a1461065
_c1461065
100 _a20110922d2011 |||y0rusy50 ca
101 0 _arus
102 _aRU
105 _aa |||||||||
200 1 _aВязаные цветы
_eдвадцать проектов
_fСьюзи Джонс
_g[пер. с англ. С.В. Зоновой]
210 _aМосква
_cАРТ-Родник
_d2011
215 _a47 с.
_cцв. ил.
_d22
225 1 _a20 проектов самых разных оттенков!
606 1 _aЦветы искусственные
_xВязание
_92624083
_3RU\NLR\auth\661560643
686 _a37.248
_vLBC/RL
_2rubbk
686 _aМ483
700 1 _aДжонс
_bС.
_gСьюзи
_4070
801 0 _aRU
_bВладимирская ОУНБ
_c20110922
_grcr
801 1 _aRU
_bВладимирская ОУНБ
_c20110922
_grcr
_2rusmarc
801 2 _aRU
_bNLR
_c20110324
_grcr
942 _cBOOK
980 _aNB